000 01187cam a2200373 a 4500
001 2373
003 FISKH
005 20231121083758.0
008 050323s2006 nyua b 000 1 eng
010 _a 2005007933
020 _a0439639042 (hbk.)
020 _a9780439639040 (hbk.)
035 _a(OCoLC)ocm58729747
035 _a(OCoLC)58729747
040 _aDLC
_cDLC
_dIG#
_dBAKER
_dCD5
_dXY4
_dEHH
_dVP@
_dBTCTA
_dDLC
_beng
042 _alcac
050 0 0 _aPZ7.A7379
_bSup 2006
082 0 0 _a813.6
_222
100 1 _aArnold, Tedd
245 1 0 _aSuper Fly Guy /
_cTedd Arnold
260 _aNew York :
_bScholastic,
_c2006.
300 _a30 pages :
_bcolor illustrations ;
_c23 cm
520 _aFly Guy visits the school cafeteria and gets the lunch lady fired.
521 8 _a360
_bLexile
521 8 _aG
_bRaz-Plus
650 0 _aFlies
_vJuvenile fiction.
650 0 _aSchools
_vJuvenile fiction.
650 0 _aSchool lunchrooms, cafeterias, etc.
_vJuvenile fiction.
650 1 _aFlies
_vFiction.
650 1 _aSchools
_vFiction.
650 1 _aSchool lunchrooms, cafeterias, etc.
_vFiction.
906 _a7
_bcbc
_corignew
_d1
_eecip
_f20
_gy-gencatlg
942 _2ddc
_cBK
_n0
999 _c2373
_d2373